Normal view
MARC view
Entry Personal Name
001 - CONTROL NUMBER
- control field: 59939
003 - CONTROL NUMBER IDENTIFIER
- control field: dpl
005 - DATE AND TIME OF LATEST TRANSACTION
- control field: 20231219123531.0
008 - FIXED-LENGTH DATA ELEMENTS
- fixed length control field: 231219|| aca||aabn | a|a d
040 ## - CATALOGING SOURCE
- Original cataloging agency: dpl
- Transcribing agency: dpl
100 ## - HEADING--PERSONAL NAME
- Personal name: Ravinder
670 ## - SOURCE DATA FOUND
- Source citation: Work cat.: (dpl)178663: Ravinder, Pedagogy of Environmental Studies at Primary Level/, 2020
